00887nam a22002417a 45000010005000000030006000050050017000110080041000280200018000690400029000870500019001160820011001351000030001462450089001762600042002653000052003075050007003595200148003665210022005145210018005366500057005547000034006117390FISKH20250711143000.0250711b cb ||||| |||| 00| 0 eng d a9780618932689 aFISKHbengcFISKHdFISKH aQL737.C424 E78 a599.51 aEsbensen, Barbara Juster  aBaby whales drink milk /cby Barbara Juster Esbensen ; illustrated by Lambert Davis  aBoston : bHoughton Mifflin, c1994.  a32 pages : bcolor illustrations ; c21 x 26 cm aN  aDescribes the behavior of the humpback whale, with an emphasis on the fact that it is a mammal and shares the characteristics of other mammals.8 a580 bLexile AD 8 aN bRaz-Plus  aOcean LifevOcean AnimalsxPicture BookyMarine Life aDavis, Lambert eillustrator